000 00496nam a2200169 a 4500
005 20210219160404.0
008 081030s1988 mx r 000 0 spa d
035 _aUPN01000164611
049 _aUNE
080 _aDO 341.16: 001 (093.2) 1988 RES 127a.
111 2 _aUNESCO. Consejo Ejecutivo
_n(127a. :
_d1987 :
_cParís)
245 0 _aActas Resumidas
260 _aParís :
_bUNESCO,
_c1988.
300 _axxiii, 271 p.
690 _aAcuerdos- Consejo ejecutivo de la UNESCO
905 _aUNESCO
999 _c136723
_d136723